000 00522nam a2200157Ia 4500
008 151213s9999 xx 000 0 und d
100 _aJohn D. Danials, Lee H. Radebaugh & Daniel P. Sull
245 _aInternational Business : Environment & Operations
_cJohn D. Danials, Lee H. Radebaugh & Daniel P. Sull
250 _a10th
260 _aNew Jersey
_bPrentic Hall
_c2004
300 _a1637 p.
650 _aBusiness
650 _aBusiness
700 _aJohn D. Danials, Lee H. Radebaugh & Daniel P. Sull
999 _c1236
_d1236